| 000 | 00742nam a2200193Ia 4500 | ||
|---|---|---|---|
| 003 | GCL | ||
| 008 | 140319s9999 xx 000 0 ara d | ||
| 040 |
_aGCL / _cGCL |
||
| 082 | 0 | 4 |
_a027.4 _bا س |
| 100 | 1 | _aالادارةالعامة للتخطيط والمتابعة | |
| 245 | 1 | 0 |
_aسوزان مبارك وعودة الروح للمكتبة المصرية / _cالادارةالعامة للتخطيط والمتابعة |
| 250 | _aالاولى | ||
| 260 |
_aالقاهرة : _bالهيئة المصرية العامة للكتاب ، _c0 |
||
| 300 |
_a122 ص ؛ _c19سم |
||
| 650 | 0 | 4 | _aمكتبة القاهرة الكبرى |
| 650 | 0 | 4 | _aالمكتبات - مصر |
| 650 | 0 | 4 | _aالتزويد ( مكتبات ) |
| 942 |
_2ddc _cBK |
||
| 999 |
_c47596 _d47596 |
||